000 00413nam a2200169Ia 4500
008 240729s9999 xx 000 0 und d
022 _a2297-8739
245 0 _aSeparations
260 _aSwitzerland
260 _bMDPI AG
650 _a Chemistry
650 _a Physics | Science
650 _aScience
856 _uhttps://doaj.org/toc/c700288607044c2d87d43a8eaaf143d2
942 _2ddc
942 _cDOAJEJ
999 _c74197
_d74197
945 _a1
_bMadushi Gamage
_c1
_dMadushi Gamage